| 000 | 00504nam a2200181Ia 4500 | ||
|---|---|---|---|
| 008 | 090122s9999 xx 000 0 und d | ||
| 082 |
_b13698 _a891.463 |
||
| 100 |
_aसावंत _bहेमंत |
||
| 245 | _aहातारी | ||
| 260 |
_bअभिनंदन _c2008 |
||
| 300 | _a184 | ||
| 501 | _a254 - 13/10/2008 ललित वितरण | ||
| 600 | _aसावंत | ||
| 630 | _aहातारी | ||
| 700 | _aसावंत | ||
| 730 | _aहातारी | ||
| 942 | _cBOOK | ||
| 999 |
_c37775 _d37775 |
||